1706 1124 1829 1089 1419 1033 1619 1345 1281 1194 1541 1408 1315 1609 1866 1608 1287 1295 1958 1050 1001 1255 1811 1225 1096 1315 1697 1032 1335 1613 1971 1774 1954 1373 1453 1287 1509 1074 1144 1411 1718 1878 1450 1426 1551 1988 1259 1780 1830 1123 1578 1737 1955 1405 1110 1339 1542 1243 1126 1779 1708 1200 1527 1180 1133 1639 1716 1798 1188 1769 1019 1127 1325 1554 1039 1130 1099 1716 1310 1983 1200 1154 1999 1587 1155 1485 1464 1736 1983 1241 1623 1770 1702 1349 1381 1455 1954 1499 1562 BCNSPRNW ULIB Ver.6.0+V

เปลี่ยนเป็นภาษาไทย

Change to English
 แสดงรายละเอียดบรรณานุกรม
  กลับหน้าหลัก

Brief Record : Get Marc (ISO 2709) : E-mail record : QR code < ปิดหน้าต่าง
LEADER : 00000nam 2200000uu 4500
001    13399127236
003     ULIB
008    200302s||||||||th 000 0 tha d
020    ^a9786163980489
060  0 ^aWB100^bว534ว^cล.2
100 0  ^aวิชุดา จิรพรเจริญ, บรรณาธิการ
245 00 ^aเวชปฏิบัติครอบครัว 2 : การดูแลผู้ป่วยร่วมกับครอบครัว =^bFamily Practice 2 : Caring for Patients with Their Families/^cวิชุดา จิรพรเจริญ และ^cชัยสิริ อังกุระวรานนท์, บรรณาธิการ
250    ^aพิมพ์ครั้งที่ 3
260    ^aเชียงใหม่ :^bภาควิชาเวชศาสตร์ครอบครัว คณะแพทยศาสตร์ มหาวิทยาลัยเชียงใหม่,^c2561
300    ^a224 หน้า
650  0 ^aผู้ป่วย- -การดูแล
650  0 ^aการส่งเสริมสุขภาพ
650  0 ^aการพยาบาลครอบครัว
650  0 ^aFamily Medicine
650  0 ^aFamily Practice
650  0 ^aHealth Promotion
700 0  ^aชัยสิริ อังกุระวรานนท์, บรรณาธิการ
856    ^a^zเวชปฏิบัติครอบครัว 2 : การดูแลผู้ป่วยร่วมกับครอบครัว (Family Practice 2 : Caring for Patients with Their Families) (สารบัญหนังสือ)^uhttp://110.164.66.211/ULIB6//_fulltext/bookcontent/13399114377/51225.pdf
945    ^p350^l0^i006412
945    ^p350^l0^i006413
945    ^p350^l0^i006414
945    ^p350^l0^i006415
945    ^p350^l0^i006416
999    ^aอังศุธร กาญจนาโรจน์พันธ์
รายการนี้ยังไม่มีแท็ก
คุณยังไม่ได้ล็อกอิน คุณสามารถมีกิจกรรมร่วมกับเว็บไซต์ได้ แต่ต้องล็อกอินก่อน ::
  ล็อกอิน

รายการสื่อสารสนเทศ

ลำดับที่ ประเภท เลขเรียก/บาร์โค้ด สถานที่ สถานะ
1. วิทยาศาสตร์การแพทย์ และสุขภาพ
หนังสือสำรอง
สถานะ=หนังสือสำรอง
WB100 ว534ว ล.2 ฉ.1 
  Barcode: 006412
ห้องสมุดวิทยาเขตสวรรค์ประชารักษ์
►หนังสือทั่วไป
บนชั้น
2. วิทยาศาสตร์การแพทย์ และสุขภาพ
วิทยาศาสตร์การแพทย์ และสุขภาพ
WB100 ว534ว ล.2 ฉ.2 
  Barcode: 006413
ห้องสมุดวิทยาเขตสวรรค์ประชารักษ์
►หนังสือทั่วไป
บนชั้น
3. วิทยาศาสตร์การแพทย์ และสุขภาพ
วิทยาศาสตร์การแพทย์ และสุขภาพ
WB100 ว534ว ล.2 ฉ.3 
  Barcode: 006414
ห้องสมุดวิทยาเขตสวรรค์ประชารักษ์
►หนังสือทั่วไป
บนชั้น
4. วิทยาศาสตร์การแพทย์ และสุขภาพ
วิทยาศาสตร์การแพทย์ และสุขภาพ
WB100 ว534ว ล.2 ฉ.4 
  Barcode: 006415
ห้องสมุดวิทยาเขตสวรรค์ประชารักษ์
►หนังสือทั่วไป
บนชั้น
5. วิทยาศาสตร์การแพทย์ และสุขภาพ
วิทยาศาสตร์การแพทย์ และสุขภาพ
WB100 ว534ว ล.2 ฉ.5 
  Barcode: 006416
ห้องสมุดวิทยาเขตสวรรค์ประชารักษ์
►หนังสือทั่วไป
บนชั้น

รายการใกล้เคียง
    ผู้แต่ง [วิชุดา จิรพรเจริญ, บรรณาธิการ]

    หัวเรื่อง [ผู้ป่วย- -การดูแล]
    หัวเรื่อง [การส่งเสริมสุขภาพ]
    หัวเรื่อง [การพยาบาลครอบครัว]
    หัวเรื่อง [Family Medicine]
    หัวเรื่อง [Family Practice]
    หัวเรื่อง [Health Promotion]

BibComment


ยังไม่เคยถูกคอมเมนท์

คอมเมนท์ทรัพยากรรายการนี้
  คอมเมนท์: เวชปฏิบัติครอบคร..


 Copyright 2026. Bcnsprnw @Library